[Event "27th Klatovy B 2019"]
[Site "Klatovy CZE"]
[Date "2019.07.06"]
[Round "8.20"]
[White "Chmelik, Ladislav"]
[Black "Langmajer, Jan"]
[Result "0-1"]
[WhiteElo "1771"]
[BlackElo "1514"]
[PlyCount "120"]
[EventDate "2019.06.29"]
[EventType "swiss"]
[EventRounds "9"]
[EventCountry "CZE"]

1. e4 c5 2. Nf3 e6 3. d4 cxd4 4. Nxd4 a6 5. Nc3 Qc7 6. a3 Nf6 7. Bd3 Bc5 8. Nf3 Nc6 9. O-O h6 10. Qe2 Ng4 11. h3 Nd4 12. hxg4 Nxe2+ 13. Nxe2 b5 14. Bf4 Bd6 15. Bxd6 Qxd6 16. Rfd1 Qc7 17. Rac1 d5 18. exd5 exd5 19. Nc3 Be6 20. Re1 O-O 21. g5 hxg5 22. Nxg5 Qf4 23. Nf3 Rad8 24. Rcd1 b4 25. axb4 Qxb4 26. Rb1 a5 27. Ne2 Bg4 28. Ne5 Bxe2 29. Rxe2 Rd6 30. b3 g6 31. Ra1 Re6 32. Rae1 Rfe8 33. Kf1 Qh4 34. f3 Qg3 35. Ng4 Kg7 36. Ne3 Rh8 37. Kg1 Rh2 38. Nf1 Rxg2+ 39. Rxg2 Qxe1 40. f4 Qa1 41. f5 Rf6 42. Kh2 Qd4 43. Ng3 Qh4+ 44. Kg1 Kf8 45. fxg6 fxg6 46. Ne2 g5 47. Rg3 g4 48. Kg2 Rh6 49. Kf2 Qh2+ 50. Ke1 Qh5 51. Kd1 Qg5 52. Rg1 Rb6 53. Rf1+ Kg7 54. Ng3 Rf6 55. Rh1 Kf8 56. Rh8+ Ke7 57. Rh7+ Kd6 58. c4 Qe3 59. Nf5+ Rxf5 60. Bxf5 Qf3+ 0-1

[Event "27th Klatovy B 2019"]
[Site "Klatovy CZE"]
[Date "2019.07.06"]
[Round "8.21"]
[White "Dubnicka, Augustin 2000"]
[Black "Beran, Jakub"]
[Result "1/2-1/2"]
[WhiteElo "1754"]
[BlackElo "1539"]
[PlyCount "45"]
[EventDate "2019.06.29"]
[EventType "swiss"]
[EventRounds "9"]
[EventCountry "CZE"]

1. d4 d5 2. Bf4 Bf5 3. e3 Nf6 4. Nf3 e6 5. c3 Bd6 6. Bg3 O-O 7. Bd3 Bg6 8. O-O c5 9. Bxg6 fxg6 10. Nbd2 Bxg3 11. fxg3 Nbd7 12. Qe2 Qb6 13. Rab1 Rac8 14. Kh1 Qc6 15. Rfe1 Rfe8 16. e4 Nb6 17. dxc5 Qxc5 18. Nb3 Qc7 19. e5 Ne4 20. Nbd2 Nxd2 21. Qxd2 Nc4 22. Qe2 a6 23. Nd4 1/2-1/2

[Event "27th Klatovy B 2019"]
[Site "Klatovy CZE"]
[Date "2019.07.06"]
[Round "8.22"]
[White "Vnoucek, Pavel"]
[Black "Stastny, Simon"]
[Result "0-1"]
[WhiteElo "1739"]
[BlackElo "1474"]
[PlyCount "50"]
[EventDate "2019.06.29"]
[EventType "swiss"]
[EventRounds "9"]
[EventCountry "CZE"]

1. e4 e5 2. Nf3 Nc6 3. Bc4 Bc5 4. b4 Bxb4 5. c3 Be7 6. d4 exd4 7. O-O d6 8. cxd4 Bg4 9. Qb3 Na5 10. Bxf7+ Kf8 11. Qc3 c5 12. Bxg8 Kxg8 13. Bb2 Bf6 14. Qd3 Qb6 15. Bc3 Bxf3 16. gxf3 cxd4 17. Bxa5 Qxa5 18. Qc4+ Kf8 19. Rc1 Qc5 20. Qf1 Qg5+ 21. Kh1 d3 22. Nc3 d2 23. Rc2 Rc8 24. Qd3 Qe5 25. f4 Qc5 0-1

[Event "27th Klatovy B 2019"]
[Site "Klatovy CZE"]
[Date "2019.07.06"]
[Round "8.23"]
[White "Simunek, Jakub Simon"]
[Black "Berka, Lubos"]
[Result "0-1"]
[WhiteElo "1457"]
[BlackElo "1733"]
[PlyCount "42"]
[EventDate "2019.06.29"]
[EventType "swiss"]
[EventRounds "9"]
[EventCountry "CZE"]

1. d4 Nf6 2. Nf3 b6 3. Bf4 Bb7 4. e3 e6 5. Bd3 d5 6. Nbd2 c5 7. c3 Bd6 8. Bxd6 Qxd6 9. Ne5 O-O 10. O-O Ba6 11. Bxa6 Nxa6 12. f3 Nb8 13. Qc2 Nc6 14. f4 Rac8 15. Rf3 cxd4 16. Rh3 Nxe5 17. fxe5 Qxe5 18. Rf1 h6 19. exd4 Qxd4+ 20. Kh1 Ng4 21. Re1 Nf2+ 0-1

[Event "27th Klatovy B 2019"]
[Site "Klatovy CZE"]
[Date "2019.07.06"]
[Round "8.24"]
[White "Flajsman, Zdenek"]
[Black "Cyron, Karel"]
[Result "1/2-1/2"]
[WhiteElo "1503"]
[BlackElo "1720"]
[PlyCount "20"]
[EventDate "2019.06.29"]
[EventType "swiss"]
[EventRounds "9"]
[EventCountry "CZE"]

1. e4 Nf6 2. e5 Nd5 3. Nf3 d6 4. h3 c6 5. d4 e6 6. Bg5 Be7 7. Bxe7 Qxe7 8. Nc3 Nxc3 9. bxc3 d5 10. Be2 O-O 1/2-1/2

[Event "27th Klatovy B 2019"]
[Site "Klatovy CZE"]
[Date "2019.07.06"]
[Round "8.25"]
[White "Skuthan, Radek"]
[Black "Dolejs, Jakub"]
[Result "1-0"]
[WhiteElo "1702"]
[BlackElo "1434"]
[PlyCount "41"]
[EventDate "2019.06.29"]
[EventType "swiss"]
[EventRounds "9"]
[EventCountry "CZE"]

1. d4 e6 2. c4 Nf6 3. Nc3 Bb4 4. Qc2 c5 5. a3 Bxc3+ 6. bxc3 O-O 7. e4 d5 8. e5 Nfd7 9. Bd3 h6 10. cxd5 exd5 11. Ne2 b6 12. O-O Ba6 13. f4 Bxd3 14. Qxd3 Nc6 15. f5 Re8 16. f6 Ncxe5 17. dxe5 Nxe5 18. Qg3 Ng6 19. Nf4 Qxf6 20. Nxd5 Qe5 21. Nc7 1-0

[Event "27th Klatovy B 2019"]
[Site "Klatovy CZE"]
[Date "2019.07.06"]
[Round "8.26"]
[White "Krisman, Ondrej"]
[Black "Day, Tobias"]
[Result "1/2-1/2"]
[WhiteElo "1546"]
[BlackElo "1680"]
[PlyCount "85"]
[EventDate "2019.06.29"]
[EventType "swiss"]
[EventRounds "9"]
[EventCountry "CZE"]

1. e4 c5 2. Nf3 d6 3. Bb5+ Bd7 4. Bxd7+ Qxd7 5. d4 cxd4 6. Nxd4 Nf6 7. Nc3 g6 8. O-O Bg7 9. Be3 Ng4 10. Bg5 Nc6 11. Nxc6 bxc6 12. Qd2 h6 13. Bh4 O-O 14. f4 Rad8 15. h3 Nf6 16. e5 dxe5 17. Qxd7 Rxd7 18. fxe5 Nd5 19. Nxd5 cxd5 20. Rfe1 Rc8 21. c3 g5 22. Bf2 e6 23. Bd4 a5 24. Rab1 Bf8 25. Re2 Bc5 26. Bxc5 Rxc5 27. Rd1 Rc4 28. Rd4 Kg7 29. Red2 Rdc7 30. Rxc4 Rxc4 31. Rd4 Kg6 32. Rxc4 dxc4 33. g4 a4 34. Kf2 f5 35. exf6 Kxf6 36. Ke3 Ke5 37. Kf3 Kd6 38. Ke4 e5 39. Kf3 Kd5 40. Ke3 e4 41. Ke2 Kd6 42. Kd2 Ke5 43. Ke3 1/2-1/2

[Event "27th Klatovy B 2019"]
[Site "Klatovy CZE"]
[Date "2019.07.06"]
[Round "8.27"]
[White "Barta, David"]
[Black "Svec, Ludek"]
[Result "1-0"]
[WhiteElo "1411"]
[BlackElo "1620"]
[PlyCount "139"]
[EventDate "2019.06.29"]
[EventType "swiss"]
[EventRounds "9"]
[EventCountry "CZE"]

1. d4 Nf6 2. Nf3 b6 3. g3 Bb7 4. Bg2 e6 5. c4 c5 6. d5 exd5 7. Nh4 d6 8. cxd5 Bc8 9. O-O Be7 10. Nc3 Ng4 11. Nf3 O-O 12. Bf4 Na6 13. e4 g5 14. Bd2 f6 15. Ne1 Nc7 16. f3 Ne5 17. f4 Nc4 18. f5 Nxd2 19. Qxd2 b5 20. Kf2 b4 21. Nd1 Ba6 22. Rh1 Kf7 23. Nf3 Nb5 24. Bf1 Qb6 25. Ne3 Qc7 26. Rc1 Qd8 27. h4 h6 28. hxg5 hxg5 29. Bxb5 Bxb5 30. Rh5 Rh8 31. Rch1 Rxh5 32. Rxh5 Bf8 33. Kg1 Bg7 34. Ng4 Qb6 35. Qh2 c4+ 36. Kh1 c3 37. bxc3 bxc3 38. Qc2 Rc8 39. Rh2 Qc5 40. Ne1 a5 41. a4 Bc4 42. Qxc3 Ba6 43. Qxc5 Rxc5 44. Nf3 Rc1+ 45. Kg2 Ra1 46. Rh1 Rxa4 47. Nf2 Ra2 48. Rc1 g4 49. Nh2 Be2 50. Rc7+ Kf8 51. Rc6 Bh6 52. Rxd6 Bg5 53. Rb6 Ke7 54. Rb1 a4 55. Kg1 Be3 56. Re1 a3 57. Nhxg4 Bxf2+ 58. Nxf2 Rb2 59. Ra1 a2 60. d6+ Kd7 61. Kg2 Bc4 62. e5 Bd5+ 63. Kh3 Rb1 64. e6+ Ke8 65. Ng4 Rxa1 66. Nxf6+ Kf8 67. e7+ Kg7 68. e8=Q Rh1+ 69. Kg4 a1=Q 70. Qg6+ 1-0

[Event "27th Klatovy B 2019"]
[Site "Klatovy CZE"]
[Date "2019.07.06"]
[Round "8.28"]
[White "Kubat, Zbynek"]
[Black "Skutil, Frantisek Elias"]
[Result "1/2-1/2"]
[WhiteElo "1612"]
[BlackElo "1106"]
[PlyCount "36"]
[EventDate "2019.06.29"]
[EventType "swiss"]
[EventRounds "9"]
[EventCountry "CZE"]

1. Nf3 e6 2. g3 f5 3. Bg2 Nf6 4. c4 d5 5. O-O Bd6 6. d4 c6 7. b3 Qe7 8. Bb2 O-O 9. Nbd2 Ne4 10. Ne5 Qf6 11. e3 Nd7 12. Ndf3 Qe7 13. Nxd7 Bxd7 14. Ne5 Be8 15. c5 Bxe5 16. dxe5 Nxc5 17. Ba3 b6 18. Rc1 Qc7 1/2-1/2

[Event "27th Klatovy B 2019"]
[Site "Klatovy CZE"]
[Date "2019.07.06"]
[Round "8.29"]
[White "Zemanova, Nikola"]
[Black "Roskovec, Bedrich"]
[Result "0-1"]
[WhiteElo "1403"]
[BlackElo "1597"]
[PlyCount "79"]
[EventDate "2019.06.29"]
[EventType "swiss"]
[EventRounds "9"]
[EventCountry "CZE"]

1. e4 c5 2. d4 cxd4 3. c3 Nf6 4. e5 Nd5 5. cxd4 e6 6. Nf3 Be7 7. Bd2 O-O 8. Nc3 Nxc3 9. Bxc3 d5 10. Bd3 Nc6 11. a3 a6 12. O-O Bd7 13. Qc2 g6 14. Nd2 Qb6 15. Qb3 Qa7 16. Nf3 Bd8 17. Rac1 Bb6 18. Bb4 Rfc8 19. Bc5 Bxc5 20. Rxc5 Kg7 21. Rcc1 b5 22. Qc3 Nxe5 23. Qd2 Nxf3+ 24. gxf3 Qxd4 25. Rcd1 Qf6 26. Kh1 Qxf3+ 27. Kg1 e5 28. Qe3 Qxe3 29. fxe3 Rab8 30. Rf2 Bh3 31. Bc2 Rd8 32. Bb3 Rbc8 33. Rfd2 Bg4 34. Rf1 f5 35. Kf2 d4 36. exd4 Rxd4 37. Rxd4 exd4 38. Rg1 Re8 39. Rg3 Re2+ 40. Kf1 0-1

[Event "27th Klatovy B 2019"]
[Site "Klatovy CZE"]
[Date "2019.07.06"]
[Round "8.30"]
[White "Valdman, Jakub"]
[Black "Kirs, Pavel"]
[Result "1-0"]
[WhiteElo "1191"]
[BlackElo "1567"]
[PlyCount "75"]
[EventDate "2019.06.29"]
[EventType "swiss"]
[EventRounds "9"]
[EventCountry "CZE"]

1. e4 b6 2. d4 Bb7 3. Nc3 e6 4. Bd3 Bb4 5. Bd2 Bxc3 6. bxc3 Nf6 7. Qe2 d6 8. Nf3 Nbd7 9. O-O e5 10. Rfe1 h6 11. Nh4 g6 12. g3 Qe7 13. d5 O-O-O 14. Ba6 Nc5 15. Bxb7+ Kxb7 16. f3 Qd7 17. Kg2 Ng8 18. Rf1 Ne7 19. c4 g5 20. Nf5 Nxf5 21. exf5 Qxf5 22. Be3 Nd7 23. a4 a5 24. Rab1 Nc5 25. Bxc5 dxc5 26. Qe4 Qxe4 27. fxe4 Rhf8 28. Rf6 Rd6 29. Rbf1 Kc8 30. Rxf7 Rxf7 31. Rxf7 Kd8 32. Rf5 Kd7 33. Rxe5 Rf6 34. Rf5 Ke7 35. g4 Kf7 36. e5 Rxf5 37. gxf5 Ke7 38. h4 1-0

[Event "27th Klatovy B 2019"]
[Site "Klatovy CZE"]
[Date "2019.07.06"]
[Round "8.31"]
[White "Kotal, Vit"]
[Black "Langmajerova, Jana"]
[Result "1-0"]
[WhiteElo "1556"]
[BlackElo "1336"]
[PlyCount "75"]
[EventDate "2019.06.29"]
[EventType "swiss"]
[EventRounds "9"]
[EventCountry "CZE"]

1. e4 e5 2. Nf3 Nc6 3. Bc4 Nf6 4. d4 exd4 5. e5 d5 6. Bb5 Ne4 7. Nxd4 Bd7 8. Bxc6 bxc6 9. O-O Bc5 10. Be3 Qe7 11. Re1 O-O 12. Qh5 Bxd4 13. Bxd4 Qb4 14. Rd1 c5 15. a3 Qc4 16. Be3 Qxc2 17. Nd2 Qxb2 18. Nxe4 dxe4 19. Bxc5 Rfe8 20. Bd4 Qb5 21. Rab1 Qa4 22. Qg5 Be6 23. Qe3 Red8 24. Rd2 Qa5 25. Rc2 Qa4 26. Rd2 g6 27. Rc1 c6 28. Qxe4 Qxa3 29. Bb2 Qa6 30. Rd6 Qb5 31. Bd4 a5 32. Qh4 Rdc8 33. Qf6 Qb3 34. Be3 Kf8 35. Qh8+ Ke7 36. Bg5+ f6 37. Qxf6+ Ke8 38. Qe7# 1-0

[Event "27th Klatovy B 2019"]
[Site "Klatovy CZE"]
[Date "2019.07.06"]
[Round "8.32"]
[White "Veverka, Vladimir"]
[Black "Zednik, Zdenek"]
[Result "1-0"]
[WhiteElo "1439"]
[BlackElo "1879"]
[PlyCount "89"]
[EventDate "2019.06.29"]
[EventType "swiss"]
[EventRounds "9"]
[EventCountry "CZE"]

1. d4 d5 2. c4 c6 3. Nc3 Nf6 4. e3 e6 5. Nf3 Bd6 6. Be2 Nbd7 7. O-O O-O 8. Qc2 Qe7 9. b3 dxc4 10. bxc4 e5 11. Bb2 Rd8 12. Rfd1 e4 13. Nd2 Re8 14. h3 Nf8 15. a4 Bf5 16. Qc1 Rad8 17. Ba3 Bxa3 18. Qxa3 Qxa3 19. Rxa3 Bc8 20. a5 a6 21. c5 Be6 22. Ndxe4 Nxe4 23. Nxe4 Re7 24. Nd6 Rdd7 25. Rb1 Bd5 26. Ra4 Ne6 27. Bf3 Bxf3 28. gxf3 g6 29. Rab4 Nd8 30. Ne4 Kg7 31. Nd6 f6 32. Kf1 f5 33. Rb6 Kh6 34. Kg2 Kg5 35. Kg3 h5 36. h4+ Kf6 37. e4 Rc7 38. Kf4 Ne6+ 39. Ke3 Nd8 40. Rg1 Nf7 41. e5+ Nxe5 42. dxe5+ Rxe5+ 43. Kd4 Re2 44. Rg2 Ra2 45. Ne8+ 1-0

[Event "27th Klatovy B 2019"]
[Site "Klatovy CZE"]
[Date "2019.07.06"]
[Round "8.33"]
[White "Perik, Alois"]
[Black "Silhavy, Josef"]
[Result "1-0"]
[WhiteElo "1809"]
[BlackElo "1448"]
[PlyCount "57"]
[EventDate "2019.06.29"]
[EventType "swiss"]
[EventRounds "9"]
[EventCountry "CZE"]

1. c4 Nf6 2. Nc3 c5 3. g3 d5 4. cxd5 Nxd5 5. Bg2 Nxc3 6. bxc3 Nd7 7. Nf3 g6 8. O-O Bg7 9. d4 cxd4 10. cxd4 O-O 11. e3 Re8 12. Bb2 Qc7 13. Rc1 Qb6 14. Qc2 a6 15. Ba1 Nf6 16. Ne5 Be6 17. e4 Rac8 18. Qa4 Rxc1 19. Rxc1 Rd8 20. d5 Bd7 21. Bd4 Qd6 22. Nxd7 Rxd7 23. e5 b5 24. Qd1 Qa3 25. exf6 exf6 26. Qc2 Bh6 27. Re1 Qd6 28. Re8+ Kg7 29. Qc8 1-0

[Event "27th Klatovy B 2019"]
[Site "Klatovy CZE"]
[Date "2019.07.06"]
[Round "8.34"]
[White "Rychlik, Zdenek"]
[Black "Malimanek, Marek"]
[Result "1-0"]
[WhiteElo "1721"]
[BlackElo "1408"]
[PlyCount "143"]
[EventDate "2019.06.29"]
[EventType "swiss"]
[EventRounds "9"]
[EventCountry "CZE"]

1. e4 c6 2. d4 d5 3. exd5 cxd5 4. c4 dxc4 5. Nf3 Bg4 6. Be2 e6 7. O-O Nf6 8. Bg5 Be7 9. a3 Nbd7 10. Bxc4 O-O 11. h3 Bh5 12. Re1 Nb6 13. Bb3 Bxf3 14. Qxf3 Qxd4 15. Nc3 Qd7 16. Rad1 Qc6 17. Qg3 Nh5 18. Qh4 Bxg5 19. Qxg5 Nf6 20. Rc1 Rfd8 21. Nb5 Qd7 22. Red1 Nfd5 23. Nc3 Rac8 24. Ne4 Rxc1 25. Rxc1 f6 26. Qg3 Kf7 27. Nc5 Qc8 28. Nd3 Qb8 29. Qf3 Nc8 30. Re1 Nce7 31. Nc5 Rd6 32. Qh5+ Kg8 33. Nxe6 Qc8 34. Nf4 g6 35. Qd1 Qd7 36. Qe2 Kh8 37. Bxd5 Nxd5 38. Nxd5 Rxd5 39. Qe8+ Qxe8 40. Rxe8+ Kg7 41. Re7+ Kh6 42. Rxb7 Rd2 43. b3 Rd3 44. a4 g5 45. b4 a5 46. bxa5 Rd4 47. a6 Rxa4 48. a7 Ra1+ 49. Kh2 f5 50. Kg3 Ra3+ 51. f3 Ra2 52. Rc7 Kg6 53. Kh2 f4 54. Kg1 h5 55. Kf1 Kf5 56. Ke1 Ke5 57. Kd1 h4 58. Kc1 Kd4 59. Kb1 Ra5 60. Re7 Kd5 61. Kb2 Kc6 62. Kb3 Kb6 63. Rg7 Kc6 64. Kc4 Ra4+ 65. Kd3 Kd6 66. Rxg5 Rxa7 67. Ke4 Ke6 68. Kxf4 Ra4+ 69. Ke3 Ra3+ 70. Kf2 Ra2+ 71. Kg1 Kf6 72. Rg4 1-0

[Event "27th Klatovy B 2019"]
[Site "Klatovy CZE"]
[Date "2019.07.06"]
[Round "8.36"]
[White "Berkovec, Josef"]
[Black "Rychtecky, Pavel"]
[Result "1-0"]
[WhiteElo "1380"]
[BlackElo "1630"]
[PlyCount "55"]
[EventDate "2019.06.29"]
[EventType "swiss"]
[EventRounds "9"]
[EventCountry "CZE"]

1. Nf3 c5 2. c3 Nf6 3. e3 Nc6 4. d4 e6 5. Bd3 d5 6. Nbd2 Be7 7. O-O O-O 8. dxc5 Bxc5 9. e4 dxe4 10. Nxe4 Nxe4 11. Bxe4 Qc7 12. Qc2 g6 13. Bh6 Re8 14. Rad1 f5 15. Bd3 Bd7 16. b4 Bf8 17. Bxf8 Kxf8 18. Bc4 Re7 19. Rfe1 a6 20. Qb3 Rae8 21. a4 Kg7 22. Bf1 Kf6 23. c4 h6 24. b5 Nb8 25. Qc3+ Kf7 26. Ne5+ Kg8 27. Nxg6 Rf7 28. Qh8# 1-0

[Event "27th Klatovy B 2019"]
[Site "Klatovy CZE"]
[Date "2019.07.06"]
[Round "8.37"]
[White "Vavrinkova, Jitka"]
[Black "Gacho, Ondrej"]
[Result "0-1"]
[WhiteElo "1566"]
[BlackElo "1384"]
[PlyCount "68"]
[EventDate "2019.06.29"]
[EventType "swiss"]
[EventRounds "9"]
[EventCountry "CZE"]

1. e4 e5 2. Nf3 Nc6 3. Bb5 a6 4. Ba4 b5 5. Bb3 Nf6 6. O-O Bc5 7. c3 O-O 8. d3 h6 9. h3 d6 10. Re1 Re8 11. Nbd2 Bb7 12. Nf1 b4 13. Ng3 Ne7 14. Bd2 Ng6 15. Ba4 bxc3 16. bxc3 Re6 17. Rb1 Rb8 18. Qc1 d5 19. Bb3 Rb6 20. Qc2 dxe4 21. dxe4 Nf4 22. Nxe5 Ne6 23. Nc4 Rc6 24. Na5 Rd6 25. Red1 Bxe4 26. Nxe4 Nxe4 27. Be1 Qh4 28. Bxe6 Rxb1 29. Bxf7+ Kxf7 30. Rxb1 Rg6 31. Kf1 Bb6 32. Nb3 Ng3+ 33. fxg3 Qc4+ 34. Qe2 Rf6+ 0-1

[Event "27th Klatovy B 2019"]
[Site "Klatovy CZE"]
[Date "2019.07.06"]
[Round "8.38"]
[White "Kotesovec, Jaroslav"]
[Black "Malik, Zdenek"]
[Result "1-0"]
[WhiteElo "1560"]
[BlackElo "1391"]
[PlyCount "75"]
[EventDate "2019.06.29"]
[EventType "swiss"]
[EventRounds "9"]
[EventCountry "CZE"]

1. e4 c5 2. Nf3 d6 3. Nc3 Nf6 4. Bc4 g6 5. Ng5 e6 6. d3 Bg7 7. O-O a6 8. a3 Nc6 9. Ne2 b5 10. Ba2 Bb7 11. Rb1 a5 12. c3 O-O 13. Bxe6 fxe6 14. Nxe6 Qd7 15. Nxf8 Rxf8 16. Qb3+ Kh8 17. Qxb5 Ne5 18. Qxd7 Nfxd7 19. Bf4 Nf7 20. f3 Ba6 21. Rfd1 Nfe5 22. Bxe5 Nxe5 23. Nc1 Bh6 24. d4 cxd4 25. cxd4 Nc6 26. d5 Ne5 27. b4 Rc8 28. b5 Bxb5 29. Rxb5 Rxc1 30. Rxc1 Bxc1 31. Rxa5 Kg7 32. a4 Nf7 33. Kf2 Kf6 34. Ra7 Ba3 35. Kg3 g5 36. h4 Ne5 37. hxg5+ Kxg5 38. Rg7+ 1-0

[Event "27th Klatovy B 2019"]
[Site "Klatovy CZE"]
[Date "2019.07.06"]
[Round "8.39"]
[White "Konig, Vlastislav 1957"]
[Black "Juhanak, Daniel"]
[Result "1/2-1/2"]
[WhiteElo "1630"]
[BlackElo "1555"]
[PlyCount "51"]
[EventDate "2019.06.29"]
[EventType "swiss"]
[EventRounds "9"]
[EventCountry "CZE"]

1. e4 e6 2. d4 d5 3. Nc3 Bb4 4. e5 c5 5. a3 Bxc3+ 6. bxc3 Qa5 7. Bd2 Qa4 8. Be3 c4 9. Qg4 Ne7 10. Qxg7 Rg8 11. Qxh7 Nbc6 12. Nf3 Bd7 13. Ng5 O-O-O 14. Nxf7 Rdf8 15. Bh6 Rxf7 16. Qxf7 Qxc2 17. Rc1 Qe4+ 18. Be3 Be8 19. Qf4 Qh7 20. g4 Bg6 21. Be2 Bd3 22. Bxd3 Qxd3 23. h4 Kb8 24. h5 Rh8 25. h6 Ng6 26. Qg3 1/2-1/2

[Event "27th Klatovy B 2019"]
[Site "Klatovy CZE"]
[Date "2019.07.06"]
[Round "8.40"]
[White "Kasik, Denis"]
[Black "Novy, Jan"]
[Result "0-1"]
[WhiteElo "1208"]
[BlackElo "1473"]
[PlyCount "56"]
[EventDate "2019.06.29"]
[EventType "swiss"]
[EventRounds "9"]
[EventCountry "CZE"]

1. e4 d5 2. exd5 Nf6 3. d4 Nxd5 4. c4 Nb4 5. a3 N4c6 6. Nf3 Bg4 7. Be3 e5 8. Be2 e4 9. Ng5 Bxe2 10. Kxe2 f5 11. Re1 Qf6 12. Nc3 Ne7 13. Kf1 h6 14. Nh3 c6 15. b4 g5 16. Ne2 Bg7 17. a4 O-O 18. Qb3 Kh8 19. Rad1 f4 20. Bc1 Nf5 21. f3 Nh4 22. b5 Qe6 23. Kg1 exf3 24. gxf3 Qxh3 25. Nxf4 gxf4 26. Re2 Nxf3+ 27. Kh1 Ng5 28. Rd3 Qf1# 0-1

[Event "27th Klatovy B 2019"]
[Site "Klatovy CZE"]
[Date "2019.07.06"]
[Round "8.41"]
[White "Kalista, Karel"]
[Black "Sykora, Vaclav"]
[Result "1-0"]
[WhiteElo "1736"]
[BlackElo "1422"]
[PlyCount "119"]
[EventDate "2019.06.29"]
[EventType "swiss"]
[EventRounds "9"]
[EventCountry "CZE"]

1. Nf3 d5 2. d4 Nf6 3. c4 c6 4. Qb3 e6 5. Nc3 Be7 6. Bg5 Nbd7 7. e3 Qb6 8. h3 Qxb3 9. axb3 O-O 10. Bd3 h6 11. Bf4 c5 12. O-O a6 13. Rfc1 cxd4 14. exd4 dxc4 15. bxc4 Nb6 16. Bc7 Bd8 17. Bd6 Re8 18. Ne4 Bd7 19. Ne5 Be7 20. c5 Nxe4 21. Bxe4 Bxd6 22. Nxd7 Nxd7 23. cxd6 Rab8 24. Rc7 Red8 25. Bxb7 Nb6 26. Rd1 Rxd6 27. Bxa6 Na4 28. Bd3 Rdd8 29. Bc2 Nxb2 30. Ra1 Ra8 31. Rb1 Na4 32. Rbb7 Rf8 33. Bg6 Rab8 34. Bxf7+ Kh7 35. Bxe6 Rxb7 36. Rxb7 Rd8 37. Rd7 Re8 38. Bf5+ Kg8 39. Rc7 Kf8 40. Rc8 Rxc8 41. Bxc8 Ke7 42. Kf1 Kd6 43. Bb7 Nc3 44. Ke1 Nb5 45. d5 Nc3 46. Kd2 Nxd5 47. Bxd5 Kxd5 48. Ke3 Ke5 49. f4+ Kf5 50. g4+ Kf6 51. Ke4 g6 52. h4 Ke6 53. h5 gxh5 54. gxh5 Kf6 55. f5 Kf7 56. Ke5 Ke7 57. f6+ Kf7 58. Kf5 Kg8 59. Kg6 Kf8 60. f7 1-0

[Event "27th Klatovy B 2019"]
[Site "Klatovy CZE"]
[Date "2019.07.06"]
[Round "8.42"]
[White "Cervenka, Jakub"]
[Black "Spackova, Martina 1992"]
[Result "0-1"]
[WhiteElo "1396"]
[BlackElo "1688"]
[PlyCount "54"]
[EventDate "2019.06.29"]
[EventType "swiss"]
[EventRounds "9"]
[EventCountry "CZE"]

1. e4 e5 2. Nf3 Nc6 3. d4 exd4 4. Nxd4 Bc5 5. Nb3 Bb6 6. Nc3 Qf6 7. Qe2 Nge7 8. h4 h6 9. Nd5 Nxd5 10. exd5+ Ne7 11. g4 Qd6 12. Bg2 Kd8 13. Be3 Nxd5 14. O-O-O c6 15. c4 Nf4 16. Rxd6 Nxe2+ 17. Kd2 Bc7 18. Rd3 Nf4 19. Bxf4 Bxf4+ 20. Ke2 Re8+ 21. Kf3 Bc7 22. Re3 Rxe3+ 23. Kxe3 d6 24. g5 Be6 25. gxh6 gxh6 26. Bf1 Kd7 27. c5 Re8 0-1

[Event "27th Klatovy B 2019"]
[Site "Klatovy CZE"]
[Date "2019.07.06"]
[Round "8.43"]
[White "Vavrinek, Tomas"]
[Black "Stanke, Vilem"]
[Result "1-0"]
[WhiteElo "1686"]
[BlackElo "1371"]
[PlyCount "47"]
[EventDate "2019.06.29"]
[EventType "swiss"]
[EventRounds "9"]
[EventCountry "CZE"]

1. d4 Nf6 2. Nf3 g6 3. c4 Bg7 4. Nc3 d6 5. e4 O-O 6. Be2 Nbd7 7. O-O c5 8. d5 Nb6 9. Rb1 Ng4 10. h3 Ne5 11. Nxe5 Bxe5 12. Be3 e6 13. f4 Bg7 14. e5 exd5 15. cxd5 Re8 16. Qd2 dxe5 17. fxe5 Bxe5 18. Bxc5 Bxc3 19. bxc3 Qxd5 20. Bd4 Nc4 21. Qh6 Ne5 22. Rb4 Qd6 23. Rc4 Be6 24. Bxe5 1-0

[Event "27th Klatovy B 2019"]
[Site "Klatovy CZE"]
[Date "2019.07.06"]
[Round "8.44"]
[White "Souralova, Venuse"]
[Black "Matlocha, Lubomir"]
[Result "0-1"]
[WhiteElo "1391"]
[BlackElo "1663"]
[PlyCount "92"]
[EventDate "2019.06.29"]
[EventType "swiss"]
[EventRounds "9"]
[EventCountry "CZE"]

1. c4 e6 2. Nf3 Nf6 3. g3 b6 4. Bg2 Bb7 5. O-O Be7 6. d4 c5 7. b3 O-O 8. Bb2 d5 9. Nbd2 Nbd7 10. Rc1 Rc8 11. Rc2 dxc4 12. Nxc4 b5 13. Nce5 Nb6 14. Qc1 Be4 15. Rc3 Nbd5 16. Rxc5 Bxc5 17. dxc5 Qc7 18. c6 b4 19. Rd1 Nc3 20. Bxc3 bxc3 21. Qxc3 Qb6 22. Nd4 Bxg2 23. Kxg2 h6 24. b4 a6 25. a4 Rfd8 26. e3 Nd5 27. Qb3 Qxb4 28. Rb1 a5 29. Qc2 Qa3 30. Rb7 Rc7 31. Nb5 Qe7 32. Nxc7 Nxc7 33. Qc3 Qd6 34. Qxa5 Rc8 35. f4 f6 36. Ng6 Qxc6+ 37. Kf2 Qxb7 38. Ne7+ Kf7 39. Nxc8 Qxc8 40. Qc5 Qb7 41. a5 Nd5 42. e4 Qb2+ 43. Kg1 Qb1+ 44. Kg2 Qxe4+ 45. Kh3 Qf5+ 46. Kg2 Nxf4+ 0-1

[Event "27th Klatovy B 2019"]
[Site "Klatovy CZE"]
[Date "2019.07.06"]
[Round "8.45"]
[White "Leseticky, Vladimir"]
[Black "Skopkova, Marcela"]
[Result "1-0"]
[WhiteElo "1631"]
[BlackElo "1263"]
[PlyCount "29"]
[EventDate "2019.06.29"]
[EventType "swiss"]
[EventRounds "9"]
[EventCountry "CZE"]

1. e4 e5 2. Nf3 d6 3. d4 exd4 4. Bc4 Be6 5. Bxe6 fxe6 6. Nxd4 Qf6 7. c3 Ne7 8. Qb3 b6 9. Nxe6 Kd7 10. Nd4 Qg6 11. O-O Qxe4 12. Nd2 Qd5 13. Qd1 Nbc6 14. Qg4+ Kd8 15. Ne6+ 1-0

[Event "27th Klatovy B 2019"]
[Site "Klatovy CZE"]
[Date "2019.07.06"]
[Round "8.46"]
[White "Vojir, Vaclav 2005"]
[Black "Trcka, Bohdan"]
[Result "1/2-1/2"]
[WhiteElo "1337"]
[BlackElo "1569"]
[PlyCount "108"]
[EventDate "2019.06.29"]
[EventType "swiss"]
[EventRounds "9"]
[EventCountry "CZE"]

1. c4 e5 2. Nc3 c6 3. Nf3 d6 4. g3 Be7 5. Bg2 g5 6. d3 g4 7. Nd2 Be6 8. b4 a5 9. b5 d5 10. bxc6 bxc6 11. cxd5 cxd5 12. Qb3 d4 13. Nd5 Nd7 14. Qa4 Ra6 15. Nc4 Kf8 16. Nxe7 Nxe7 17. Bh6+ Kg8 18. O-O Bxc4 19. Qxc4 Rxh6 20. e3 Nb6 21. Qb3 a4 22. Qb5 Re6 23. Rab1 h5 24. exd4 Qxd4 25. Kh1 Qd7 26. Qxd7 Nxd7 27. Rb4 Nc5 28. d4 exd4 29. Rxd4 Kg7 30. Rc4 Re5 31. Rfc1 Nd3 32. Rb1 Nxf2+ 33. Kg1 Nd3 34. Rxa4 Re1+ 35. Rxe1 Nxe1 36. Re4 Nxg2 37. Rxe7 Ra8 38. Re2 Ne3 39. Rxe3 Rxa2 40. Re5 Kg6 41. Re4 Kg5 42. Rf4 f6 43. Rf2 Rxf2 44. Kxf2 h4 45. Ke3 hxg3 46. hxg3 f5 47. Kf2 f4 48. gxf4+ Kxf4 49. Kg2 g3 50. Kg1 Kg4 51. Kg2 Kh4 52. Kg1 Kh3 53. Kh1 g2+ 54. Kg1 Kg3 1/2-1/2